Business Statistics: A Self Study Textbook for Professional Courses (Record no. 3089)

MARC details
005 - DATE AND TIME OF LATEST TRANSACTION
control field 20250603092453.0
020 ## - INTERNATIONAL STANDARD BOOK NUMBER
International Standard Book Number 81-219-2948-2
100 ## - MAIN ENTRY--PERSONAL NAME
Author name TULSIAN, P.C
245 ## - TITLE STATEMENT
Title Business Statistics: A Self Study Textbook for Professional Courses
250 ## - EDITION STATEMENT
Edition statement 2nd Ed.
260 ## - PUBLICATION, DISTRIBUTION, ETC.
Place of publication, distribution, etc. New Delhi
Name of publisher, distributor, etc. S. CHAND & COMPANY PVT. LTD
Date of publication, distribution, etc. 2014
300 ## - PHYSICAL DESCRIPTION
Extent xvii, ill; tables.
Other physical details Notes,
Dimensions 24 cm
700 ## - ADDED ENTRY--PERSONAL NAME
Other authors/Editors JHUNJHNUWALA, B
942 ## - ADDED ENTRY ELEMENTS (KOHA)
Source of classification or shelving scheme Dewey Decimal Classification
Koha item type Books
Holdings
Date last seen Total checkouts Full call number Barcode Cost, replacement price Price effective from Koha item type Lost status Source of classification or shelving scheme Damaged status Not for loan Withdrawn status Home library Current library Shelving location Date acquired Source of acquisition Cost, normal purchase price
06/03/2025   519.5 TUL MBY00023 285000.00 06/03/2025 Books   Dewey Decimal Classification       CBE MBEYA CBE MBEYA Special Reserve Collection 02/21/2025 PURCHASE 95000.00